000 00536nam a22001817a 4500
999 _c524856
_d524856
003 NUST
020 _a-
038 _aZafar Malik
082 _a492.749
_bRAH
100 _aRahmi, Imran Mrs.
_915653
245 _aArabi Zaban Kay Saraiki Zaban Par Asraat /
_cMrs. Rahmi Imran
260 _aMultan :
_bJhok Publishers ;
_c2010.
300 _a216 p. ;
500 _aHardcover
880 _6100-02\r
_aمسز رحمی عمران
880 _6245-02\r
_aعربی زبان کے سرائیکی زبان پر اثرات
942 _2ddc
_cBK